[Event "Olympiad Women-39"]
[Site "Khanty-Mansiysk"]
[Date "2010.09.27"]
[Round "6.18"]
[White "Savickiene, Viktorija"]
[Black "Orozco Lopez, Lina Yomayra"]
[Result "1/2-1/2"]
[WhiteElo "2053"]
[BlackElo "2154"]
[PlyCount "114"]
[EventDate "2010.09.21"]
[EventType "team-swiss"]
[EventRounds "11"]
[EventCountry "RUS"]
[SourceTitle "CBM 139"]
[Source "ChessBase"]
[SourceDate "2010.11.18"]
[SourceVersion "1"]
[SourceVersionDate "2010.11.18"]
[SourceQuality "1"]
[WhiteTeam "Lithuania (W)"]
[BlackTeam "Columbia (W)"]
[WhiteTeamCountry "LTU"]
[BlackTeamCountry "COL"]

1. d4 Nf6 2. c4 c5 3. d5 b5 4. Nd2 g6 5. e4 d6 6. b3 Bg7 7. Bb2 Nbd7 8. Ngf3 0-0 9. Qc2 Re8 10. Bd3 bxc4 11. Nxc4 Ba6 12. 0-0 Bxc4 13. Bxc4 Nb6 14. Bb5 Rf8 15. Bc6 Rb8 16. a4 a6 17. Nd2 Nc8 18. Qd3 Na7 19. Qxa6 Nxc6 20. dxc6 Rb6 21. Qc4 Nxe4 22. Bxg7 Nxd2 23. Qc3 Rxb3 24. Qxd2 Kxg7 25. Rfb1 Rxb1+ 26. Rxb1 Qc7 27. Qb2+ Kg8 28. Qb7 Rc8 29. Rb6 c4 30. Kf1 c3 31. Ke2 d5 32. Kd3 d4 33. a5 Kg7 34. Qxc7 Rxc7 35. a6 e6 36. Kc2 Kf6 37. Rb4 Ke5 38. Ra4 Rxc6 39. a7 d3+ 40. Kxd3 c2 41. Ra5+ Kf6 42. a8Q c1Q 43. Qh8+ Ke7 44. Ra7+ Rc7 45. Rxc7+ Qxc7 46. Qxh7 Qf4 47. f3 Qd6+ 48. Ke2 Qe5+ 49. Kf2 Qd4+ 50. Ke2 Qb2+ 51. Kf1 Qc1+ 52. Ke2 Qc2+ 53. Kf1 Qd1+ 54. Kf2 Qd2+ 55. Kf1 Qd1+ 56. Kf2 Qd2+ 57. Kf1 Qd1+ 1/2-1/2

[Event "Olympiad Women-39"]
[Site "Khanty-Mansiysk"]
[Date "2010.09.25"]
[Round "5.23"]
[White "Fransson, Angelina"]
[Black "Savickiene, Viktorija"]
[Result "0-1"]
[WhiteElo "1910"]
[BlackElo "2053"]
[PlyCount "76"]
[EventDate "2010.09.21"]
[EventType "team-swiss"]
[EventRounds "11"]
[EventCountry "RUS"]
[SourceTitle "CBM 139"]
[Source "ChessBase"]
[SourceDate "2010.11.18"]
[SourceVersion "1"]
[SourceVersionDate "2010.11.18"]
[SourceQuality "1"]
[WhiteTeam "Sweden (W)"]
[BlackTeam "Lithuania (W)"]
[WhiteTeamCountry "SWE"]
[BlackTeamCountry "LTU"]

1. e4 e6 2. d3 c5 3. Nd2 Nc6 4. Ngf3 g6 5. g3 Bg7 6. Bg2 Nge7 7. 0-0 0-0 8. Re1 d6 9. c3 e5 10. a3 h6 11. b4 Be6 12. Nb3 b6 13. b5 Bxb3 14. Qxb3 Na5 15. Qa2 Qd7 16. Rb1 Rac8 17. a4 Rfd8 18. Be3 d5 19. d4 exd4 20. cxd4 dxe4 21. Ne5 Qd5 22. Qxd5 Nxd5 23. Bd2 cxd4 24. Bxa5 Bxe5 25. Rxe4 Bg7 26. Be1 Nc3 27. Bxc3 dxc3 28. Ree1 c2 29. Rbc1 Bb2 30. Bf3 Bxc1 31. Rxc1 Rd4 32. Kf1 Rc3 33. Be2 Kf8 34. Ke1 Ke7 35. Bf1 Kd6 36. Ke2 Kc5 37. Bg2 Kb4 38. Bc6 Kb3 0-1

[Event "Klaipeda Sea op 07th"]
[Site "Klaipeda"]
[Date "2010.07.31"]
[Round "9"]
[White "Savickiene, Viktorija"]
[Black "Uogele, Anicetas B"]
[Result "1/2-1/2"]
[WhiteElo "2052"]
[BlackElo "2163"]
[PlyCount "116"]
[EventDate "2010.07.26"]
[EventType "swiss"]
[EventRounds "9"]
[EventCountry "LTU"]
[SourceTitle "EXT 2012"]
[Source "ChessBase"]
[SourceDate "2011.11.24"]
[SourceVersion "1"]
[SourceVersionDate "2011.11.24"]
[SourceQuality "1"]

1. d4 d5 2. c4 dxc4 3. Nf3 Nd7 4. e4 Nb6 5. a4 a5 6. Na3 Nf6 7. e5 Nfd5 8. Nxc4 Bg4 9. h3 Bxf3 10. Qxf3 e6 11. Qd1 Nxc4 12. Bxc4 Nb6 13. Bd3 Bb4+ 14. Kf1 c6 15. Qg4 Bf8 16. Bg5 Qd5 17. Kg1 h6 18. Be3 0-0-0 19. Kh2 f5 20. Qg6 Qd7 21. Bd2 Bb4 22. Bxb4 axb4 23. a5 Nd5 24. a6 b5 25. Rhc1 Kb8 26. Qg3 g5 27. Be2 Ka7 28. Qb3 Rc8 29. Bf3 Rhd8 30. Bxd5 Qxd5 31. Qxb4 Rd7 32. Rd1 g4 33. h4 f4 34. Qc3 g3+ 35. fxg3 Rg8 36. Qc5+ Qxc5 37. dxc5 fxg3+ 38. Kh3 Rd5 39. Rxd5 exd5 40. e6 Re8 41. Re1 b4 42. Kxg3 Kxa6 43. Kf4 Kb5 44. Ke5 Kxc5 45. Rc1+ Kb5 46. Kd6 d4 47. Kd7 Rg8 48. e7 c5 49. e8Q Rxe8 50. Kxe8 c4 51. g4 d3 52. g5 hxg5 53. hxg5 d2 54. Rf1 c3 55. bxc3 bxc3 56. g6 c2 57. g7 c1Q 58. Rxc1 dxc1Q 1/2-1/2

[Event "Klaipeda Sea op 07th"]
[Site "Klaipeda"]
[Date "2010.07.30"]
[Round "8"]
[White "Krivonosov, Oleg"]
[Black "Savickiene, Viktorija"]
[Result "1-0"]
[WhiteElo "2437"]
[BlackElo "2052"]
[PlyCount "85"]
[EventDate "2010.07.26"]
[EventType "swiss"]
[EventRounds "9"]
[EventCountry "LTU"]
[SourceTitle "EXT 2012"]
[Source "ChessBase"]
[SourceDate "2011.11.24"]
[SourceVersion "1"]
[SourceVersionDate "2011.11.24"]
[SourceQuality "1"]

1. Nf3 Nf6 2. c4 c6 3. d4 d5 4. cxd5 cxd5 5. Nc3 Nc6 6. Bf4 Ne4 7. e3 Nxc3 8. bxc3 g6 9. Ne5 Bg7 10. Nxc6 bxc6 11. Qa4 Qd7 12. Be2 0-0 13. 0-0 Re8 14. Rfd1 a5 15. Rab1 Ba6 16. Bxa6 Rxa6 17. c4 e5 18. dxe5 Bxe5 19. Rxd5 Qc7 20. Rxe5 Rxe5 21. h3 Qe7 22. Bxe5 Qxe5 23. Qd1 Ra8 24. Qd2 Qe4 25. Rc1 h5 26. c5 a4 27. Qc2 Qe5 28. Qc3 Qd5 29. Qc4 Qd2 30. Rb1 a3 31. g3 Qd7 32. Kg2 h4 33. gxh4 Re8 34. Rb3 Qf5 35. Rxa3 Re4 36. Ra8+ Kh7 37. Qc3 f6 38. Qb3 Re7 39. Qg8+ Kh6 40. Qf8+ Rg7 41. Ra7 Qe4+ 42. Kh2 Qxh4 43. Qh8+ 1-0

[Event "Klaipeda Sea op 07th"]
[Site "Klaipeda"]
[Date "2010.07.30"]
[Round "7"]
[White "Savickiene, Viktorija"]
[Black "Petraitis, Gintautas"]
[Result "1-0"]
[WhiteElo "2052"]
[BlackElo "1986"]
[PlyCount "89"]
[EventDate "2010.07.26"]
[EventType "swiss"]
[EventRounds "9"]
[EventCountry "LTU"]
[SourceTitle "EXT 2012"]
[Source "ChessBase"]
[SourceDate "2011.11.24"]
[SourceVersion "1"]
[SourceVersionDate "2011.11.24"]
[SourceQuality "1"]

1. d4 Nf6 2. c4 g6 3. Nc3 Bg7 4. Nf3 0-0 5. g3 d6 6. Bg2 Nbd7 7. 0-0 e5 8. e4 c6 9. h3 Re8 10. Re1 a5 11. d5 cxd5 12. Nxd5 Nxd5 13. Qxd5 Nc5 14. Bg5 Qc7 15. b3 Bd7 16. Qd2 Bc6 17. Nh4 f6 18. Bh6 Ne6 19. Bxg7 Kxg7 20. Rad1 Rad8 21. Kh2 Nd4 22. Nf3 Nxf3+ 23. Bxf3 b6 24. Re3 h5 25. h4 Qb7 26. Bh1 Re7 27. f3 Re6 28. Rd3 Qe7 29. Qe3 b5 30. c5 f5 31. exf5 gxf5 32. cxd6 Qf6 33. Qc5 e4 34. fxe4 Bxe4 35. Bxe4 fxe4 36. Rd5 Rf8 37. Rg5+ Kh7 38. Rxh5+ Kg7 39. Qg5+ Qxg5 40. Rxg5+ Kh6 41. Rgd5 e3 42. d7 Rd8 43. Rd6 Rxd6 44. Rxd6+ Kg7 45. Kg2 1-0

[Event "Klaipeda Sea op 07th"]
[Site "Klaipeda"]
[Date "2010.07.29"]
[Round "6"]
[White "Simanaitis, Vytautas"]
[Black "Savickiene, Viktorija"]
[Result "0-1"]
[WhiteElo "1960"]
[BlackElo "2052"]
[PlyCount "138"]
[EventDate "2010.07.26"]
[EventType "swiss"]
[EventRounds "9"]
[EventCountry "LTU"]
[SourceTitle "EXT 2012"]
[Source "ChessBase"]
[SourceDate "2011.11.24"]
[SourceVersion "1"]
[SourceVersionDate "2011.11.24"]
[SourceQuality "1"]

1. e4 e6 2. Qe2 c5 3. g3 Nc6 4. c3 g6 5. Bg2 Bg7 6. f4 Nge7 7. Nf3 0-0 8. 0-0 b6 9. d3 Ba6 10. Be3 Rc8 11. Bf2 Qc7 12. Nbd2 d6 13. g4 Rfe8 14. Rae1 Qd7 15. Nh4 b5 16. Ndf3 Rb8 17. Bh3 c4 18. d4 b4 19. f5 bxc3 20. bxc3 Rb7 21. Bg3 Reb8 22. Ng5 Nxd4 23. cxd4 Bxd4+ 24. Bf2 Rb2 25. Qf3 Nc6 26. fxe6 fxe6 27. Bxd4 Nxd4 28. Qf6 Qg7 29. Nxe6 Qxf6 30. Rxf6 Ne2+ 31. Kh1 c3 32. Ref1 Rb1 33. Kg2 Rxf1 34. Rxf1 c2 35. Nc7 Nf4+ 36. Rxf4 c1Q 37. Nxa6 Qxf4 38. Nxb8 Qxe4+ 39. Nf3 Qb7 40. g5 Qxb8 41. Be6+ Kf8 42. h4 Qb2+ 43. Kg3 Ke7 44. Bg8 Qg7 45. Bd5 Kd7 46. Kf4 Qe7 47. a4 Qd8 48. Bc4 Kc6 49. Nd4+ Kb6 50. a5+ Kb7 51. Bd5+ Ka6 52. Bc4+ Kb7 53. Bd5+ Kc8 54. Be6+ Kc7 55. Bd5 Qf8+ 56. Ke4 Qf2 57. Kd3 Qxh4 58. Kc4 a6 59. Kd3 Qe1 60. Ne6+ Kb8 61. Nd4 Qb1+ 62. Kc3 Qa1+ 63. Kd3 Qf1+ 64. Kc3 Qc1+ 65. Kd3 Qxg5 66. Kc4 h5 67. Nc6+ Kc7 68. Nd4 Qc1+ 69. Kd3 h4 0-1

[Event "Klaipeda Sea op 07th"]
[Site "Klaipeda"]
[Date "2010.07.27"]
[Round "3"]
[White "Savickiene, Viktorija"]
[Black "Gluchaciov, Nikolaj"]
[Result "1-0"]
[WhiteElo "2052"]
[BlackElo "1779"]
[PlyCount "77"]
[EventDate "2010.07.26"]
[EventType "swiss"]
[EventRounds "9"]
[EventCountry "LTU"]
[SourceTitle "EXT 2012"]
[Source "ChessBase"]
[SourceDate "2011.11.24"]
[SourceVersion "1"]
[SourceVersionDate "2011.11.24"]
[SourceQuality "1"]

1. d4 g6 2. c4 Bg7 3. Nc3 d6 4. Nf3 Nf6 5. g3 0-0 6. Bg2 c6 7. 0-0 Bg4 8. h3 Bxf3 9. Bxf3 Nbd7 10. e4 Qc8 11. Bg2 e5 12. Be3 Qc7 13. Rc1 Qa5 14. Kh2 Rad8 15. f4 Nh5 16. Bf3 Ndf6 17. fxe5 dxe5 18. d5 b5 19. Bc5 b4 20. Bxf8 Bxf8 21. Qa4 Qc5 22. Ne2 cxd5 23. cxd5 Qe3 24. Qb3 Qb6 25. Rc6 Qb8 26. g4 Nxe4 27. Bxe4 Nf4 28. Nxf4 exf4 29. Qf3 g5 30. Bc2 Re8 31. Qd3 Bg7 32. d6 Re3 33. Qxh7+ Kf8 34. Qf5 Re2+ 35. Kh1 Re8 36. Rc7 Qa8+ 37. Be4 Qxe4+ 38. Qxe4 Rxe4 39. Rc8+ 1-0